| 000 | 02242nam a2200229Ia 4500 | ||
|---|---|---|---|
| 003 | Ost | ||
| 005 | 20260507075740.0 | ||
| 008 | 260507s9999||||xx |||||||||||||| ||und|| | ||
| 040 | _cfsecg | ||
| 041 | _aara | ||
| 082 | _a658.7 | ||
| 100 |
_aبكر، مصطفى محمود _eمؤلف |
||
| 245 | 0 |
_aالمرجع في وظيفة الاحتياجات وإدارة الأنشطة اللوجستية في المنظمات المعاصرة : _bمدخل استراتيجي تطبيقي لتحقيق الميزة التنافسية من خلال أعمال الشراء والتخزين / _c مصطفى محمود بكر |
|
| 260 |
_aالاسكندرية: _bالدار الجامعية, _c2004 |
||
| 300 |
_a556 صفحة؛ _bإيضاحات ؛ _c24 سم |
||
| 504 | _aالمراجع ص.550 | ||
| 520 | _aالإطار العام لوظيفة الاحتياجات وإدارة الأنشطة اللوجيستية،البناء التنظيمي والنظام الإداري للأنشطة اللوجيستية وإدارة الاحتياجات،تخطيط الإمدادات اللوجيستية وتوفير الاحتياجات،النماذج الرئيسية لعملية التخطيط الاستراتيجي للأنشطة اللوجيستية وإدارة وظيفة الاحتياجات،تحديد المواصفات وجودة قرار الشراء،تحديد الكمية المناسبة وجودة قرار الشراء،تحديد السعر المناسب وجودة قرار الشراء،تحديد الوقت المناسب وجودة قرار الشراء،تحديد مصدر التوريد وجودة قرار الشراء،مراحل وإجراءات أداء الأنشطة اللوجيستية وتوفير الاحتياجات،دور التفاوض في أداء الأنشطة اللوجيستية وتوفير الاحتياجات،متابعة التوريدات وتقويم أداء وظيفة الاحتياجات،كفاءة الأنشطة اللوجيستية وجودة أعمال المخازن والمستودعات،متابعة وتقويم أعمال المستودعات والمخازن | ||
| 653 | _aادارة المخازن | ||
| 653 | _aالبيع | ||
| 653 | _aالشراء | ||
| 942 | _cكتاب | ||
| 999 |
_c46134 _d46134 |
||